[Event "GER-chT North U14"]
[Site "Magdeburg"]
[Date "2012.09.07"]
[Round "3.4"]
[White "Bruhns, Peer"]
[Black "Giese, Patrick"]
[Result "1/2-1/2"]
[WhiteElo "1093"]
[BlackElo "859"]
[PlyCount "161"]
[EventDate "2012.09.06"]
[EventType "team-swiss"]
[EventRounds "7"]
[EventCountry "GER"]
[SourceTitle "EXT 2015"]
[Source "ChessBase"]
[SourceDate "2014.11.20"]
[SourceVersion "1"]
[SourceVersionDate "2014.11.20"]
[SourceQuality "1"]
[WhiteTeam "Stade"]
[BlackTeam "Ruedersdorf"]
[WhiteTeamCountry "GER"]
[BlackTeamCountry "GER"]

1. e4 e5 2. Nf3 Nc6 3. d4 exd4 4. Nxd4 Nf6 5. Nc3 Bb4 6. Qd3 Ne5 7. Qe3 0-0 8. Bd2 Ng6 9. f3 d6 10. Bc4 Re8 11. 0-0-0 c5 12. Nb3 a6 13. g4 b5 14. Bd5 Nxd5 15. Nxd5 Bxd2+ 16. Rxd2 Ne5 17. Rg2 Nc6 18. h4 Be6 19. Nc3 c4 20. Nd2 b4 21. Ncb1 Rb8 22. c3 Qa5 23. a3 Ne5 24. cxb4 Nd3+ 25. Qxd3 Qa4 26. Qc3 d5 27. g5 Red8 28. exd5 Rxd5 29. Nxc4 Rc8 30. b3 Qc6 31. Rc2 Kf8 32. Ne3 Qd6 33. Qb2 Qf4 34. Rxc8+ Bxc8 35. Qc3 Be6 36. Kb2 Re5 37. Ng2 Re2+ 38. Ka1 Rxg2 39. Qc5+ Ke8 40. Qc6+ Ke7 41. Qb7+ Kd6 42. Rd1+ Ke5 43. Qc7+ Kf5 44. Qc5+ Qe5+ 45. Qxe5+ Kxe5 46. Rd3 Rg1 47. Rc3 Bf5 48. Rc5+ Kf4 49. Rc7 Rxb1+ 50. Ka2 Rf1 51. Rxf7 Rxf3 52. Rxg7 Rh3 53. h5 Rxh5 54. Ra7 Bd3 55. Kb2 Kxg5 56. a4 h6 57. Kc3 Rh3 58. b5 axb5 59. a5 h5 60. a6 b4+ 61. Kxb4 h4 62. Rg7+ Kf6 63. a7 Be4 64. Rg8 Rg3 65. a8Q Bxa8 66. Rxa8 h3 67. Rh8 Kg5 68. Kc4 Rg4+ 69. Kc5 Rh4 70. Ra8 h2 71. Ra1 Kg4 72. b4 Kh3 73. Rh1 Kg2 74. Rxh2+ Kxh2 75. b5 Kg3 76. b6 Rh8 77. Kc6 Kf4 78. Kc7 Ke5 79. b7 Ke6 80. b8Q Rxb8 81. Kxb8 1/2-1/2

[Event "GER-chT North U14"]
[Site "Magdeburg"]
[Date "2012.09.06"]
[Round "1.4"]
[White "Karlisch, Moritz"]
[Black "Bruhns, Peer"]
[Result "1/2-1/2"]
[WhiteElo "1327"]
[BlackElo "1093"]
[PlyCount "91"]
[EventDate "2012.09.06"]
[EventType "team-swiss"]
[EventRounds "7"]
[EventCountry "GER"]
[SourceTitle "EXT 2015"]
[Source "ChessBase"]
[SourceDate "2014.11.20"]
[SourceVersion "1"]
[SourceVersionDate "2014.11.20"]
[SourceQuality "1"]
[WhiteTeam "Kiel Doppelbauer"]
[BlackTeam "Stade"]
[WhiteTeamCountry "GER"]
[BlackTeamCountry "GER"]

1. e4 e6 2. d4 d5 3. Nd2 Nf6 4. e5 Nfd7 5. Bd3 c5 6. c3 Nc6 7. Ne2 Qb6 8. Nf3 c4 9. Bc2 Qc7 10. 0-0 b5 11. b3 Nb6 12. Bb2 g6 13. Ng3 Bg7 14. h4 Bb7 15. Re1 Ne7 16. Ne2 0-0 17. Nf4 h5 18. Ng5 Rfe8 19. Qf3 Nf5 20. Qh3 Qe7 21. Bxf5 exf5 22. e6 f6 23. Nf3 Bc8 24. Nxg6 Qd6 25. Qxf5 Bxe6 26. Qf4 Qxf4 27. Nxf4 Bg4 28. Nh2 Kh7 29. f3 Bh6 30. Ne2 Bd2 31. fxg4 Bxe1 32. Rxe1 hxg4 33. Nxg4 Re6 34. Kf2 Rae8 35. Nh2 Nd7 36. Nf3 Nf8 37. Nf4 Rxe1 38. Nxe1 Rd8 39. Ba3 Ng6 40. Ne6 Rc8 41. h5 Nh4 42. Bc5 a6 43. Kg3 Nf5+ 44. Kf4 Ng7 45. Nf8+ Kh6 46. g4 1/2-1/2